000 00825nam a2200253 i 4500
001 bgj
245 0 0 _aTeaching Literature :
_ba world perspective /
_c[ed. by] Christopher Brumfit ; Michael Benton.
260 _aHemel Hempstead, England :
_bPhoenix,
_c1995.
300 _aVIII, 171 pp :
_btables ;
_c26 cm.
490 1 _aDevelopments in ELT
504 _aReferences after each chapter.
650 9 _aEnglish literature
_xStudy and teaching
650 9 _aLanguage and languages
_xStudy and teaching
650 9 _aLanguages and literature
700 1 _aBRUMFIT, Christopher.
_eed.
700 1 _aBENTON, Michael.
_eed.
830 _aDevelopments in ELT
020 _a0333585089 (hbk)
040 _cBPK
041 0 _aeng
920 _a0-333-58508-9 (hbk)
942 _cKS
008 s uk f |000 0 eng
999 _c48197
_d48197
856 _uhttp://koha.tu.koszalin.pl/cgi-bin/koha/opac-detail.pl?biblionumber=48197
_yKatalog online BPK